[Event "ARG-ch sf U2300 Independencia"]
[Site "San Luis"]
[Date "2016.07.09"]
[Round "5.16"]
[White "Garcia, Victor"]
[Black "Sposato, Alesandro"]
[Result "1-0"]
[WhiteElo "1606"]
[BlackElo "1728"]
[PlyCount "103"]
[EventDate "2016.07.08"]
[EventType "swiss"]
[EventRounds "7"]
[EventCountry "ARG"]
[SourceTitle "EXT 2024"]
[Source "ChessBase"]
[SourceDate "2023.10.10"]
[SourceVersion "1"]
[SourceVersionDate "2023.10.10"]
[SourceQuality "1"]

1. e4 g6 2. d4 Bg7 3. c3 c6 4. f4 d5 5. e5 h5 6. Nf3 Bg4 7. h3 Bxf3 8. Qxf3 e6 9. Bd3 h4 10. b3 Nh6 11. Nd2 Nf5 12. Bxf5 exf5 13. Ba3 Na6 14. 0-0-0 Nc7 15. c4 Ne6 16. Qe3 b5 17. cxb5 Qa5 18. Kb2 Qxb5 19. Nb1 Bf8 20. Bxf8 Kxf8 21. Nc3 Qb7 22. Na4 a5 23. Nc5 Qb5 24. Nxe6+ fxe6 25. Qc3 a4 26. Qc5+ Qxc5 27. dxc5 axb3 28. axb3 Rh7 29. Ra1 Rha7 30. Rxa7 Rxa7 31. Rd1 Ke7 32. Rd4 Kd7 33. Rd3 Kd8 34. g3 Rh7 35. b4 Kd7 36. Ka3 Rh8 37. Ka4 Ra8+ 38. Kb3 Ra1 39. gxh4 Rf1 40. Rg3 Rxf4 41. Rxg6 Rxh4 42. Ka4 Rxh3 43. Rg7+ Kd8 44. Ka5 Rh8 45. Kb6 Re8 46. Kxc6 Re7 47. Rg8+ Re8 48. Rxe8+ Kxe8 49. b5 Kd8 50. b6 Kc8 51. b7+ Kb8 52. Kd6 1-0

[Event "ARG-ch sf U2300 Independencia"]
[Site "San Luis"]
[Date "2016.07.08"]
[Round "1.7"]
[White "Sposato, Alesandro"]
[Black "Ruiz Peyre, Nicolas"]
[Result "0-1"]
[WhiteElo "1728"]
[BlackElo "1956"]
[PlyCount "85"]
[EventDate "2016.07.08"]
[EventType "swiss"]
[EventRounds "7"]
[EventCountry "ARG"]
[SourceTitle "EXT 2024"]
[Source "ChessBase"]
[SourceDate "2023.10.10"]
[SourceVersion "1"]
[SourceVersionDate "2023.10.10"]
[SourceQuality "1"]

1. e4 c6 2. d4 d5 3. Nc3 dxe4 4. Nxe4 Bf5 5. Ng3 Bg6 6. h4 h6 7. Nf3 Nd7 8. Bc4 e6 9. h5 Bh7 10. 0-0 Ngf6 11. Re1 Be7 12. c3 Nd5 13. Ne4 0-0 14. Bxd5 cxd5 15. Ned2 b5 16. Qe2 b4 17. c4 dxc4 18. Nxc4 Nf6 19. Nfe5 Rc8 20. b3 Nd5 21. Qg4 Bf5 22. Qg3 Bh4 23. Qf3 Bf6 24. Bd2 Qe7 25. Rac1 Rfd8 26. Na5 Bxe5 27. dxe5 Qd7 28. Nc4 Rb8 29. Red1 Bh7 30. Qg3 Kh8 31. Nd6 Rb6 32. Rc4 f5 33. Be3 Rbb8 34. Rdc1 Rf8 35. f4 Bg8 36. R1c2 Bf7 37. Bd2 Bxh5 38. Qh4 Bg4 39. Qf2 Qe7 40. g3 g5 41. Qh2 Kg7 42. Kf1 Kg6 43. Kg1 0-1